| 000 | 00973nam a2200193 i 4500 | ||
|---|---|---|---|
| 001 | 162101 | ||
| 003 | ES-MaACL | ||
| 005 | 20260127062551.0 | ||
| 008 | 931025s1896 sp |||| | spa d | ||
| 100 | 1 |
_aPidal y Mon, Alejandro, _d1846-1913 _991890 |
|
| 245 | 1 | 0 |
_aDiscurso leído por el presidente Excmo. Sr. D. Alejandro Pidal y Mon en la sesión inaugural del curso de 1895 á 96 _b: celebrada el 28 de febrero de 1896. |
| 260 |
_aMadrid : _bReal Academia de Jurisprudencia y Legislación, _c1896 ( _fTip. de los Hijos de M. G. Hernández) |
||
| 300 |
_a91 p. ; _c24 cm. |
||
| 500 | _aTema del discurso : la inmutabilidad del Derecho. | ||
| 596 | _aM. tipogr. del ed. en port. | ||
| 700 |
_aReal Academia de Jurisprudencia y Legislación de España _9217612 |
||
| 852 |
_aES-MaACL _jT-983-F-5 _z-- Enc. hol., conservando la cub. original _z-- Enc. en un vol. facticio _x-- Edic.: tema del discurso : la inmutabilidad del Derecho |
||
| 999 |
_c162101 _d162101 |
||